ICT4D: Facing the Challenge Head-on in Tanzania (Record no. 10497)
[ view plain ]
| 000 -LEADER | |
|---|---|
| fixed length control field | 00532nam a2200205Ia 4500 |
| 003 - CONTROL NUMBER IDENTIFIER | |
| control field | OSt |
| 005 - DATE AND TIME OF LATEST TRANSACTION | |
| control field | 20220826130446.0 |
| 008 - FIXED-LENGTH DATA ELEMENTS--GENERAL INFORMATION | |
| fixed length control field | 150509s9999 xx 000 0 und d |
| 040 ## - CATALOGING SOURCE | |
| Transcribing agency | IFM Library |
| 082 ## - DEWEY DECIMAL CLASSIFICATION NUMBER | |
| Classification number | 004 |
| 100 ## - MAIN ENTRY--PERSONAL NAME | |
| Personal name | Yonazi, Jim |
| 245 ## - TITLE STATEMENT | |
| Title | ICT4D: Facing the Challenge Head-on in Tanzania |
| 260 ## - PUBLICATION, DISTRIBUTION, ETC. | |
| Place of publication, distribution, etc. | Dar es Salaam: |
| 260 ## - PUBLICATION, DISTRIBUTION, ETC. | |
| Name of publisher, distributor, etc. | The Institute of Fianance Management, |
| 260 ## - PUBLICATION, DISTRIBUTION, ETC. | |
| Date of publication, distribution, etc. | 2009 |
| 300 ## - PHYSICAL DESCRIPTION | |
| Extent | x, 46 p. :ill.; 29 cm |
| 500 ## - GENERAL NOTE | |
| General note | Includes References |
| 650 ## - SUBJECT ADDED ENTRY--TOPICAL TERM | |
| Topical term or geographic name entry element | ICT Develpoment |
| 942 ## - ADDED ENTRY ELEMENTS (KOHA) | |
| Source of classification or shelving scheme | Dewey Decimal Classification |
| Koha item type | Mixed Materials |
| Suppress in OPAC | No |
| Withdrawn status | Lost status | Source of classification or shelving scheme | Damaged status | Not for loan | Home library | Current library | Shelving location | Date acquired | Full call number | Barcode | Date last seen | Price effective from | Koha item type |
|---|---|---|---|---|---|---|---|---|---|---|---|---|---|
| Dewey Decimal Classification | Not For Loan | IFM Main Campus Library | IFM Main Campus Library | 08/26/2022 | 004 YON | 0000018871 | 01/29/2016 | 01/29/2016 | Books | ||||
| Dewey Decimal Classification | Not For Loan | IFM Main Campus Library | IFM Main Campus Library | 08/26/2022 | 004 YON | 0000018872 | 01/29/2016 | 01/29/2016 | Books | ||||
| Dewey Decimal Classification | Not For Loan | IFM Main Campus Library | IFM Main Campus Library | 08/26/2022 | 004 YON | 0000018873 | 01/29/2016 | 01/29/2016 | Books | ||||
| Dewey Decimal Classification | Not For Loan | IFM Main Campus Library | IFM Main Campus Library | 08/26/2022 | 004 YON | 0000018874 | 01/29/2016 | 01/29/2016 | Books | ||||
| Dewey Decimal Classification | Not For Loan | IFM Main Campus Library | IFM Main Campus Library | 08/26/2022 | 004 YON | 0000018876 | 01/29/2016 | 01/29/2016 | Books | ||||
| Dewey Decimal Classification | Not For Loan | IFM Main Campus Library | IFM Main Campus Library | 08/26/2022 | 004 YON | 0000018879 | 01/29/2016 | 01/29/2016 | Books | ||||
| Dewey Decimal Classification | Not For Loan | IFM Main Campus Library | IFM Main Campus Library | 08/26/2022 | 004 YON | 0000018881 | 01/29/2016 | 01/29/2016 | Books | ||||
| Dewey Decimal Classification | Not For Loan | IFM Main Campus Library | IFM Main Campus Library | 08/26/2022 | 004 YON | 0000018882 | 01/29/2016 | 01/29/2016 | Books | ||||
| Dewey Decimal Classification | Not For Loan | IFM Main Campus Library | IFM Main Campus Library | 08/26/2022 | 004 YON | 0000018884 | 01/29/2016 | 01/29/2016 | Books |
